000 02155nam a2200241 a 4500
001 000021809
003 DO-SdBNP
005 20250909112126.0
008 100913s1994 dr ab r 000 0 spa d
040 _aBPMSU
_bspa
_cBPMSU
082 _a972.9373
_bB142B
_222
100 1 _aBáez Díaz, Tomás,
_d1909-2006
245 1 0 _aBaní :
_bsu contribución a la Independencia Nacional /
_cTomás Báez Díaz.
260 _aSanto Domingo :
_bEditora de Colores,
_c1994.
300 _a96 p. :
_bil., map. ;
_c21 cm.
504 _aBibliografía : p. 95-96
505 _aIntroducción -- Relación de banilejos que participaron en diferentes batallas de las guerras dominico-haitiana -- Primeras contribuciones de Baní a favor de la Independencia Nacional -- Misión del patriota Rosendo Herrera -- Firmas de patriotas banilejos en el acta de separación dominicana -- Construcción de lanzas para la guerra dominico-haitiana -- Un documento revelador vida política de Jacinto de Castro -- Reacción del gobierno de Haití al conocer la proclamación de la Independencia de la República Dominicana. Salida de tropas desde Baní --Batalla del 19 de Marzo, 1844 -- Acciones del Memis, El Perico y El Pinal -- Extraña carta del ex-presidente Charles Herard Aine -- Guerra ofensiva del General Antonio Duvergé -- Segunda invasión haitiana, 1845 --Ataque a Cachiman precursor de una gran ofensiva-- Batalla de la Estrelleta -- Tercera invasión haitiana, 1859 -- Combate del El Número. Presencia banileja -- Batalla de las Carreras, presencia banileja -- Cuarta invasión haitiana -- Batalla de Santomé -- Estrategias del General Santana -- Escenario de la batalla -- Primera fase de la batalla -- Segunda fase de la batalla -- Análisis y consideraciones sobre aspectos nebulosos de la batalla de Santomé -- Santana investiga la orden de retirada impartida por el General Bernardino Pérez -- Batalla de Cambronal -- Epílogo -- Notas -- Bibliografías.
590 _aInventariado, 2021/VM
650 4 _aCiudades y pueblos
_zRepública Dominicana
651 4 _aBaní (República Dominicana)
_xHistoria Local
910 _a VMateo
942 _2ddc
_cBK
999 _c13543
_d13543